000 00505cas a22001815a 4500
001 L72
008 070622c1934 xxkwr p 0 a0eng
022 1 _a0014-8474
035 _a(Sirsi) u99117
041 0 _aeng
245 0 0 _aFarmers Weekly
260 _aSutton
_bReed Business Information
_c1934-
651 4 _aUnited Kingdom
690 _aENVIRONMENTAL AND LAND CONSULTANCY-AGRIBUSINESS
856 _uhttps://www.fwi.co.uk
_zAccess Farmer's Weekly online
942 _n0
_2ddc
948 _c16/02/1994
999 _c118663
_d118663